[Event "DEM U12/U12w 2013"]
[Site "Oberhof GER"]
[Date "2013.05.19"]
[Round "1"]
[White "Petersen, Marcel"]
[Black "Poghosyan, Tigran"]
[Result "1/2-1/2"]
[Termination "normal"]
[Board "2"]
[WhiteElo "1582"]
[BlackElo "1945"]
[PlyCount "103"]
[WhiteFideId "12935670"]
[BlackFideId "12909319"]
[EventCountry "GER"]
[EventRounds "11"]
[EventType "swiss"]
[EventDate "2013.05.18"]

1. c4 Nf6 2. Nf3 g6 3. Nc3 d5 4. d4 Bg7 5. e3 O-O 6. Be2 c5 7. O-O cxd4 8. exd4
Nc6 9. Be3 dxc4 10. Bxc4 Na5 11. b3 Nxc4 12. bxc4 Bg4 13. h3 Bf5 14. Qb3 Qc7
15. Rac1 b6 16. Rfe1 Rac8 17. Nb5 Qb7 18. Ne5 h6 19. Bf4 Rcd8 20. Rcd1 g5 21.
Bh2 Nd7 22. f3 Nxe5 23. Bxe5 Bxe5 24. Rxe5 e6 25. g4 Bg6 26. Re3 Qb8 27. Kg2
Rd7 28. d5 exd5 29. Rxd5 Rfd8 30. Nc3 Qf4 31. Ne4 Rxd5 32. cxd5 Bxe4 33. fxe4
Rc8 34. Qd3 Qe5 35. Rf3 Qb2+ 36. Rf2 Qe5 37. Qf3 Rf8 38. Qf5 Qd4 39. Kg3 Qe3+
40. Qf3 Qd4 41. h4 Qe5+ 42. Kh3 gxh4 43. Kxh4 Qe7+ 44. Kg3 Re8 45. Re2 Qe5+ 46.
Qf4 Qc3+ 47. Re3 Qc1 48. Re2 Qg1+ 49. Rg2 Qe1+ 50. Kf3 Qf1+ 51. Rf2 Qd3+ 52.
Qe3 1/2-1/2

[Event "DEM U12/U12w 2013"]
[Site "Oberhof GER"]
[Date "2013.05.19"]
[Round "1"]
[White "Schmidek, Emil"]
[Black "Shoipov, Dennie"]
[Result "1/2-1/2"]
[Termination "normal"]
[Board "3"]
[WhiteElo "1957"]
[BlackElo "1816"]
[PlyCount "148"]
[WhiteFideId "12908150"]
[BlackFideId "14137755"]
[EventCountry "GER"]
[EventRounds "11"]
[EventType "swiss"]
[EventDate "2013.05.18"]

1. e4 c5 2. Nf3 Nc6 3. d4 cxd4 4. Nxd4 g6 5. c4 Bg7 6. Be3 Nf6 7. Nc3 Qa5 8. f3
O-O 9. Be2 d6 10. Qd2 a6 11. O-O Bd7 12. Rfd1 Rfd8 13. Nb3 Qh5 14. Na4 b5 15.
cxb5 axb5 16. Nb6 Rab8 17. Nxd7 Nxd7 18. Rac1 Nc5 19. Nd4 Nxd4 20. Bxd4 Ne6 21.
Bxg7 Kxg7 22. Qe3 Qe5 23. Qc3 Qxc3 24. Rxc3 b4 25. Rc4 b3 26. a3 Rdc8 27. Rdc1
Rxc4 28. Rxc4 Nc5 29. e5 Ra8 30. exd6 exd6 31. Rb4 Re8 32. Kf2 Re5 33. Rb5 Kf6
34. Bc4 h5 35. Rb6 Ke7 36. f4 Re4 37. Bxb3 Rxf4+ 38. Ke3 Re4+ 39. Kd2 Rd4+ 40.
Kc2 Re4 41. Bd5 Re2+ 42. Kb1 Rd2 43. Bc6 Kd8 44. Bf3 Kc7 45. Rb5 Rd3 46. Kc2
Re3 47. Ra5 Kb6 48. Ra8 Nd7 49. Rc8 Ne5 50. Kd2 Rd3+ 51. Ke2 Rd4 52. Rc3 Rc4
53. Rxc4 Nxc4 54. Bd5 Ne5 55. b4 f6 56. a4 g5 57. Kd2 f5 58. Kc3 f4 59. Kd4 Ng4
60. h3 Ne3 61. Bf3 g4 62. hxg4 hxg4 63. Ba8 Nc2+ 64. Kc3 Ne3 65. Kd3 d5 66. g3
Ng2 67. gxf4 Nxf4+ 68. Ke3 Ng2+ 69. Kf2 Nf4 70. a5+ Kb5 71. Bb7 Nd3+ 72. Kg3
Nxb4 73. Kxg4 Kxa5 74. Bxd5 Nxd5 1/2-1/2

[Event "DEM U12/U12w 2013"]
[Site "Oberhof GER"]
[Date "2013.05.19"]
[Round "1"]
[White "Weber, Samuel"]
[Black "Gungl, Theo"]
[Result "0-1"]
[Termination "normal"]
[Board "4"]
[WhiteElo "1703"]
[BlackElo "1916"]
[PlyCount "76"]
[WhiteFideId "12924008"]
[BlackFideId "24695653"]
[EventCountry "GER"]
[EventRounds "11"]
[EventType "swiss"]
[EventDate "2013.05.18"]

1. e4 c5 2. d4 cxd4 3. c3 dxc3 4. Nxc3 Nc6 5. Nf3 e6 6. Bf4 Bb4 7. Bc4 Nge7 8.
O-O Bxc3 9. bxc3 d5 10. exd5 exd5 11. Be2 O-O 12. Qd2 Bf5 13. Rfd1 Qd7 14. Qb2
Rad8 15. Bb5 Qc8 16. Rac1 Bg4 17. Be2 Rfe8 18. h3 Bh5 19. Nd4 Bxe2 20. Nxe2 Ng6
21. Rb1 Rxe2 22. Qxe2 Nxf4 23. Qf3 Ne6 24. Rxd5 Rxd5 25. Qxd5 g6 26. Qb5 Ncd8
27. c4 Kf8 28. Qd5 Qc6 29. Qxc6 bxc6 30. Rb8 Ke7 31. Ra8 Kd6 32. Rxa7 Kc5 33.
Ra4 Nb7 34. Kf1 Nd6 35. Ra7 Kxc4 36. a4 Nc5 37. Ra8 Kb4 38. a5 Kb5 0-1

[Event "DEM U12/U12w 2013"]
[Site "Oberhof GER"]
[Date "2013.05.19"]
[Round "1"]
[White "Martin, Julian"]
[Black "Weller, Uli"]
[Result "1-0"]
[Termination "normal"]
[Board "5"]
[WhiteElo "1847"]
[BlackElo "1501"]
[PlyCount "109"]
[WhiteFideId "12941000"]
[BlackFideId "12971782"]
[EventCountry "GER"]
[EventRounds "11"]
[EventType "swiss"]
[EventDate "2013.05.18"]

1. e4 e6 2. d4 d5 3. Nd2 dxe4 4. Nxe4 Nd7 5. Nf3 Ngf6 6. Nxf6+ Nxf6 7. Bd3 Be7
8. O-O O-O 9. c4 b6 10. Qe2 Bb7 11. Rd1 Kh8 12. Bc2 Qd6 13. Ne5 Nd7 14. Qh5 Nf6
15. Qh3 Be4 16. Bxe4 Nxe4 17. Bf4 Qd8 18. Rd3 Bg5 19. Qe3 Bxf4 20. Qxf4 Nd6 21.
Rf3 Qe7 22. Re1 f6 23. Qh4 Qe8 24. Nd3 Rf7 25. c5 Nb7 26. Qe4 Rb8 27. d5 e5 28.
Rh3 Qg8 29. f4 exf4 30. Nxf4 g5 31. Ng6+ Kg7 32. Ne7 Qh8 33. Nf5+ Kf8 34. cxb6
axb6 35. Rhe3 Nd6 36. Qb4 Rd7 37. Re6 Rbd8 38. Nxd6 Rxd6 39. Rxd6 Rxd6 40. Re6
Qg7 41. Rxd6 cxd6 42. Qxd6+ Qe7 43. Qxe7+ Kxe7 44. Kf2 Kd6 45. Ke3 Kxd5 46. Kd3
f5 47. a4 Kc5 48. Kc3 f4 49. b4+ Kd5 50. a5 bxa5 51. bxa5 Kc5 52. Kd3 Kb5 53.
Ke4 h5 54. Kf5 h4 55. h3 1-0

[Event "DEM U12/U12w 2013"]
[Site "Oberhof GER"]
[Date "2013.05.19"]
[Round "1"]
[White "Heldt, Nils-Lennart"]
[Black "Rockmann, Jan-Okke"]
[Result "0-1"]
[Termination "normal"]
[Board "6"]
[WhiteElo "1499"]
[BlackElo "1785"]
[PlyCount "51"]
[WhiteFideId "12952109"]
[BlackFideId "12942111"]
[EventCountry "GER"]
[EventRounds "11"]
[EventType "swiss"]
[EventDate "2013.05.18"]

1. e4 e5 2. Nf3 Nc6 3. Bb5 a6 4. Ba4 Nf6 5. O-O Be7 6. Re1 b5 7. Bb3 O-O 8. d4
exd4 9. e5 Ne8 10. c3 dxc3 11. Nxc3 d6 12. exd6 Nxd6 13. Nd5 h6 14. Bf4 Re8 15.
Rc1 Bb7 16. Ne5 Nxe5 17. Bxe5 Bxd5 18. Bxd5 Rb8 19. Qc2 Bf6 20. Bxf6 Rxe1+ 21.
Rxe1 Qxf6 22. Qxc7 Rc8 23. Qb6 Qe5 24. Rd1 Qxd5 25. Qxd6 Qxd6 26. Ra1 0-1

[Event "DEM U12/U12w 2013"]
[Site "Oberhof GER"]
[Date "2013.05.19"]
[Round "1"]
[White "Fieberg, Samuel"]
[Black "Fesselier, Chelsea"]
[Result "1-0"]
[Termination "normal"]
[Board "7"]
[WhiteElo "1900"]
[BlackElo "1416"]
[PlyCount "71"]
[WhiteFideId "12901717"]
[BlackFideId "26024624"]
[EventCountry "GER"]
[EventRounds "11"]
[EventType "swiss"]
[EventDate "2013.05.18"]

1. e4 c5 2. Nf3 e6 3. d4 cxd4 4. Nxd4 Nc6 5. Be2 Qc7 6. O-O Nf6 7. Nc3 a6 8. a3
d6 9. f4 Be7 10. Be3 O-O 11. Qe1 b5 12. Nxc6 Qxc6 13. e5 dxe5 14. fxe5 Nd5 15.
Bf3 Bc5 16. Nxd5 exd5 17. Qc3 Bxe3+ 18. Qxe3 Be6 19. c3 Rad8 20. Rad1 Rfe8 21.
Qf4 Qc4 22. Rd4 Qc5 23. Kh1 h6 24. Rfd1 Rd7 25. Qd2 Red8 26. Qd3 Qc7 27. Re1
Qc6 28. h4 g6 29. h5 Bf5 30. Qd2 Kh7 31. Rd1 Be6 32. Rh4 Qc5 33. hxg6+ Kg8 34.
Qxh6 fxg6 35. Qh8+ Kf7 36. Rh7# 1-0

[Event "DEM U12/U12w 2013"]
[Site "Oberhof GER"]
[Date "2013.05.19"]
[Round "1"]
[White "Forster, Lukas"]
[Black "Mätzkow, Maximilian Paul"]
[Result "0-1"]
[Termination "normal"]
[Board "8"]
[WhiteElo "1494"]
[BlackElo "1730"]
[PlyCount "76"]
[WhiteFideId "12971790"]
[BlackFideId "24679933"]
[EventCountry "GER"]
[EventRounds "11"]
[EventType "swiss"]
[EventDate "2013.05.18"]

1. e4 c5 2. Nf3 Nc6 3. d4 cxd4 4. Nxd4 g6 5. Nc3 Bg7 6. Be3 Nf6 7. f3 O-O 8.
Qd2 d5 9. O-O-O dxe4 10. fxe4 Ng4 11. Nce2 Nxd4 12. Nxd4 e5 13. Nb3 Qxd2+ 14.
Kxd2 Rd8+ 15. Bd3 Nxe3 16. Kxe3 Bg4 17. Be2 Bxe2 18. Kxe2 b6 19. Rd3 Rxd3 20.
cxd3 Rc8 21. Rc1 Rxc1 22. Nxc1 Kf8 23. Nb3 Ke7 24. g3 f5 25. Nd2 Kd6 26. b4 Kc6
27. Nc4 Kb5 28. a3 fxe4 29. Nd6+ Ka4 30. dxe4 Kxa3 31. b5 Kb4 32. Nc8 Kxb5 33.
Nxa7+ Kc5 34. Kd3 b5 35. Nc8 Bf8 36. Kc3 Kc6 37. Na7+ Kb6 38. Nc8+ Kb7 0-1

[Event "DEM U12/U12w 2013"]
[Site "Oberhof GER"]
[Date "2013.05.19"]
[Round "1"]
[White "Renger, Niklas"]
[Black "Möller, Lisa-Marie"]
[Result "1/2-1/2"]
[Termination "normal"]
[Board "9"]
[WhiteElo "1815"]
[BlackElo "1492"]
[PlyCount "65"]
[WhiteFideId "12908096"]
[BlackFideId "12959367"]
[EventCountry "GER"]
[EventRounds "11"]
[EventType "swiss"]
[EventDate "2013.05.18"]

1. e4 c5 2. Nf3 a6 3. d4 cxd4 4. Nxd4 Nf6 5. Nc3 e5 6. Nb3 Bb4 7. f3 Bxc3+ 8.
bxc3 d5 9. Bg5 Qc7 10. Bxf6 Qxc3+ 11. Qd2 Qxd2+ 12. Nxd2 gxf6 13. exd5 Bf5 14.
Ne4 Bxe4 15. fxe4 Nd7 16. Kd2 Rc8 17. a4 Nc5 18. Bd3 Ke7 19. c4 Nb3+ 20. Kc3
Nxa1 21. Rxa1 b5 22. axb5 axb5 23. Ra7+ Kf8 24. c5 Rxc5+ 25. Kb4 Rc8 26. Bxb5
Rd8 27. Kc5 Rg8 28. g3 Kg7 29. d6 Rc8+ 30. Rc7 Rcd8 31. Re7 Rc8+ 32. Kd5 Rgd8
33. Bc6 1/2-1/2

[Event "DEM U12/U12w 2013"]
[Site "Oberhof GER"]
[Date "2013.05.19"]
[Round "1"]
[White "Wübker, Paul-Luca"]
[Black "Stein, Robert"]
[Result "0-1"]
[Termination "normal"]
[Board "10"]
[WhiteElo "1479"]
[BlackElo "1728"]
[PlyCount "50"]
[WhiteFideId "12939528"]
[BlackFideId "12921084"]
[EventCountry "GER"]
[EventRounds "11"]
[EventType "swiss"]
[EventDate "2013.05.18"]

1. d4 Nf6 2. c4 g6 3. Nc3 d5 4. cxd5 Nxd5 5. e4 Nxc3 6. bxc3 Bg7 7. Bc4 O-O 8.
Ne2 c5 9. O-O Nc6 10. Be3 Na5 11. Bb3 c4 12. Bc2 b6 13. Ba4 Bb7 14. f3 Qc7 15.
Bf4 e5 16. Bg3 Qe7 17. d5 Rad8 18. Qc1 f5 19. Bf2 h6 20. g3 g5 21. h3 Qf7 22.
Kh2 Qh5 23. g4 fxg4 24. Ng3 Qxh3+ 25. Kg1 gxf3 0-1

[Event "DEM U12/U12w 2013"]
[Site "Oberhof GER"]
[Date "2013.05.19"]
[Round "1"]
[White "Muckle, Julius"]
[Black "Lohrmann, Tabea"]
[Result "1-0"]
[Termination "normal"]
[Board "11"]
[WhiteElo "1804"]
[BlackElo "1553"]
[PlyCount "95"]
[WhiteFideId "12942430"]
[BlackFideId "12911941"]
[EventCountry "GER"]
[EventRounds "11"]
[EventType "swiss"]
[EventDate "2013.05.18"]

1. d4 d5 2. c4 e6 3. Nc3 c5 4. e3 cxd4 5. exd4 Nf6 6. Nf3 Be7 7. Be2 dxc4 8.
Bxc4 O-O 9. O-O a6 10. a4 Nbd7 11. Bg5 Nb6 12. Bb3 Nbd5 13. Nxd5 Nxd5 14. Bxe7
Qxe7 15. Bxd5 exd5 16. Re1 Qf6 17. Qd2 Bg4 18. Ne5 Be6 19. Rac1 Rac8 20. Qb4
Rb8 21. Rc7 b5 22. Nc6 Rbe8 23. Re7 bxa4 24. Rxe8 Rxe8 25. Ne5 h6 26. Qxa4 Rc8
27. b4 Qf4 28. Nf3 Rc4 29. Qxa6 Rxb4 30. Qa8+ Kh7 31. Qa3 Rc4 32. Qe3 Qf6 33.
h3 Rc2 34. Ra1 Bf5 35. Ne5 Be4 36. Ra7 Bg6 37. Ra8 Qb6 38. Nxg6 fxg6 39. Qe8
Rc1+ 40. Kh2 g5 41. Qg8+ Kg6 42. Qxd5 Qb1 43. Qe6+ Kh7 44. Qg8+ Kg6 45. Ra6+
Kf5 46. Qe6+ Kf4 47. g3+ Kf3 48. Qe3# 1-0

[Event "DEM U12/U12w 2013"]
[Site "Oberhof GER"]
[Date "2013.05.19"]
[Round "1"]
[White "Steffens, Oliver"]
[Black "Zienert, Richard"]
[Result "0-1"]
[Termination "normal"]
[Board "12"]
[WhiteElo "1432"]
[BlackElo "1846"]
[PlyCount "74"]
[WhiteFideId "12947148"]
[BlackFideId "12945986"]
[EventCountry "GER"]
[EventRounds "11"]
[EventType "swiss"]
[EventDate "2013.05.18"]

1. e4 c5 2. Nf3 d6 3. d3 Nc6 4. Nbd2 g6 5. c3 Bg7 6. g3 e6 7. Bg2 Nge7 8. O-O
O-O 9. Qe2 b5 10. a4 b4 11. cxb4 Nxb4 12. Nc4 Ba6 13. Rd1 Rb8 14. Rb1 Na2 15.
Bf4 Nc8 16. Qc2 Nb4 17. Qd2 Nc6 18. Rdc1 Rb4 19. b3 Na5 20. Qa2 Bxc4 21. bxc4
Nc6 22. Bd2 Rxb1 23. Rxb1 a5 24. Qb3 Nb4 25. Bxb4 axb4 26. Ne1 Qa5 27. f4 Bd4+
28. Kf1 Nb6 29. Nc2 Bc3 30. e5 dxe5 31. Bc6 exf4 32. gxf4 Rd8 33. Ke2 Nc8 34.
Ne3 Qc7 35. Bb5 Qxf4 36. Rh1 Bd4 37. Nd1 Qg4+ 0-1

[Event "DEM U12/U12w 2013"]
[Site "Oberhof GER"]
[Date "2013.05.19"]
[Round "1"]
[White "Engel, Luis"]
[Black "Groth, Kevin"]
[Result "1-0"]
[Termination "normal"]
[Board "13"]
[WhiteElo "1740"]
[BlackElo "1399"]
[PlyCount "63"]
[WhiteFideId "12961523"]
[BlackFideId "12971804"]
[EventCountry "GER"]
[EventRounds "11"]
[EventType "swiss"]
[EventDate "2013.05.18"]

1. e4 e5 2. Nf3 Nc6 3. d4 exd4 4. Bc4 Be7 5. c3 Nf6 6. e5 Ne4 7. cxd4 d5 8. Bb5
O-O 9. h3 h6 10. O-O Bf5 11. Nc3 Nxc3 12. bxc3 Qc8 13. Re1 Qe6 14. Bf4 Nd8 15.
Qb3 c6 16. Bf1 Qg6 17. Bg3 b6 18. c4 dxc4 19. Bxc4 Ne6 20. Qc3 Rfd8 21. Red1 a5
22. a3 Rd7 23. Bd3 Bxd3 24. Rxd3 Rad8 25. Rad1 Nc5 26. Re3 Bg5 27. Ree1 Na4 28.
Qb3 b5 29. h4 Be7 30. e6 Rc7 31. Bxc7 Rd5 32. exf7+ 1-0

[Event "DEM U12/U12w 2013"]
[Site "Oberhof GER"]
[Date "2013.05.19"]
[Round "1"]
[White "Reinecke, Katharina"]
[Black "Reuker, Jari"]
[Result "1-0"]
[Termination "time forfeit"]
[Board "14"]
[WhiteElo "1608"]
[BlackElo "1802"]
[PlyCount "114"]
[WhiteFideId "12929727"]
[BlackFideId "12909300"]
[EventCountry "GER"]
[EventRounds "11"]
[EventType "swiss"]
[EventDate "2013.05.18"]

1. e4 c5 2. Nf3 e6 3. d4 cxd4 4. Nxd4 a6 5. Bd3 Bc5 6. Nb3 Be7 7. c4 Qc7 8. Nc3
b6 9. Be3 d6 10. O-O Nd7 11. Be2 Bb7 12. f3 Ngf6 13. Rc1 O-O 14. Qe1 Rac8 15.
Qf2 Rfe8 16. Rfd1 Nc5 17. Nxc5 bxc5 18. Bf4 Rcd8 19. Rd2 Rd7 20. Be3 Red8 21.
Rdc2 Qa5 22. b3 Bc6 23. Bd2 Qc7 24. Be3 Rb8 25. Bf1 Rdd8 26. Be2 Nd7 27. Bf1
Ne5 28. Rd2 Bb7 29. Rcd1 Qa5 30. Ne2 Rd7 31. Bf4 Nc6 32. Nc1 Rbd8 33. Qg3 Nd4
34. Be3 Bf6 35. Ne2 Be5 36. Qf2 Nxe2+ 37. Bxe2 Bc6 38. Rc2 Qc7 39. Rcd2 a5 40.
Rd3 Rb8 41. R1d2 a4 42. Bd1 d5 43. cxd5 Bb5 44. Bxc5 Bxd3 45. Rxd3 Bxh2+ 46.
Kf1 exd5 47. exd5 Bd6 48. Bxd6 Rxd6 49. Qd4 Rh6 50. d6 Qa5 51. Re3 Rh1+ 52. Kf2
Qb5 53. Be2 Qa5 54. Bc4 Qf5 55. d7 Qc2+ 56. Re2 Rd1 57. Qxd1 57... Qxd1 1-0

[Event "DEM U12/U12w 2013"]
[Site "Oberhof GER"]
[Date "2013.05.19"]
[Round "1"]
[White "Savchenko, Daniel"]
[Black "Poetsch, Leonore"]
[Result "1-0"]
[Termination "normal"]
[Board "15"]
[WhiteElo "1763"]
[BlackElo "1468"]
[PlyCount "105"]
[WhiteFideId "12919195"]
[BlackFideId "12940372"]
[EventCountry "GER"]
[EventRounds "11"]
[EventType "swiss"]
[EventDate "2013.05.18"]

1. e4 e6 2. d4 d5 3. Nd2 Nf6 4. e5 Nfd7 5. f4 c5 6. c3 Nc6 7. Ndf3 Qb6 8. h4
cxd4 9. cxd4 f6 10. a3 Be7 11. Bd3 f5 12. Ne2 h5 13. Bc2 Qc7 14. Ng5 Bxg5 15.
hxg5 g6 16. g4 Nf8 17. gxf5 exf5 18. Nc3 Qd8 19. Bb3 Ne6 20. Nxd5 Ncxd4 21.
Nf6+ Kf8 22. Be3 Nxb3 23. Qxb3 Kg7 24. Rd1 Qe7 25. Nd5 Qf7 26. Nf6 Rd8 27. Kf2
Nxg5 28. Qxf7+ Nxf7 29. Rxd8 Nxd8 30. Ne8+ Kf8 31. Nc7 Ne6 32. Nxa8 b6 33. Rc1
Bb7 34. Nc7 Nc5 35. Bxc5+ bxc5 36. Ne6+ Kf7 37. Nxc5 Bd5 38. Nb7 h4 39. Nd6+
Ke6 40. Rc7 h3 41. Kg3 Bg2 42. Rxa7 g5 43. Rh7 Bf1 44. b4 g4 45. b5 Kd5 46. b6
Ba6 47. b7 Bxb7 48. Rxb7 Kd4 49. a4 Ke3 50. Nxf5+ Ke2 51. Rb2+ Kf1 52. Ne3+ Ke1
53. Nxg4 1-0

[Event "DEM U12/U12w 2013"]
[Site "Oberhof GER"]
[Date "2013.05.19"]
[Round "1"]
[White "Ehmann, Johanna"]
[Black "Wierzbicki, Jirawat"]
[Result "0-1"]
[Termination "normal"]
[Board "16"]
[WhiteElo "1350"]
[BlackElo "1704"]
[PlyCount "88"]
[WhiteFideId "12953130"]
[BlackFideId "1153579"]
[EventCountry "GER"]
[EventRounds "11"]
[EventType "swiss"]
[EventDate "2013.05.18"]

1. e4 e5 2. Nf3 Nc6 3. d4 exd4 4. Bc4 Nf6 5. e5 d5 6. Bb5 Ne4 7. O-O Bd7 8.
Bxc6 bxc6 9. Qxd4 Bc5 10. Qd3 Qb8 11. Nc3 Nxc3 12. Qxc3 Bb4 13. Qb3 O-O 14. Be3
Re8 15. a3 Be7 16. Qxb8 Raxb8 17. Rab1 c5 18. c3 Bf5 19. Rbd1 Rxb2 20. Rxd5 c6
21. Rd2 Rb3 22. Ra1 Rxc3 23. Rb2 Rd8 24. h3 h6 25. Rb7 Rd7 26. Rb8+ Kh7 27. Rb2
f6 28. g4 Be4 29. Nd2 Bd5 30. exf6 Bxf6 31. Rbb1 Rc2 32. Rc1 Rb2 33. Rab1 Rxd2
34. Bxd2 Be4 35. Rb3 Rxd2 36. Rxc5 Bd4 37. Rh5 Rxf2 38. Rb4 Rd2+ 39. Kf1 c5 40.
Ra4 Bd3+ 41. Ke1 Rh2 42. Kd1 Be3 43. Rf4 Rh1+ 44. Rf1 Rxf1# 0-1

[Event "DEM U12/U12w 2013"]
[Site "Oberhof GER"]
[Date "2013.05.19"]
[Round "1"]
[White "Sanati, Charlotte"]
[Black "Schulze, Lara"]
[Result "0-1"]
[Termination "normal"]
[Board "17"]
[WhiteElo "1672"]
[BlackElo "1839"]
[PlyCount "66"]
[WhiteFideId "12907707"]
[BlackFideId "12956830"]
[EventCountry "GER"]
[EventRounds "11"]
[EventType "swiss"]
[EventDate "2013.05.18"]

1. e4 e6 2. d4 d5 3. Nd2 dxe4 4. Nxe4 Nd7 5. Nf3 Ngf6 6. Ng3 c5 7. Bc4 cxd4 8.
Nxd4 a6 9. a4 Be7 10. O-O Qc7 11. Qe2 Nb6 12. Bd3 Nbd5 13. Bd2 O-O 14. Rfe1 Rd8
15. c3 Bd7 16. Qf3 Bc6 17. Ne4 Rac8 18. Ng5 Qd7 19. Bxh7+ Nxh7 20. Qxf7+ Kh8
21. Nxh7 Kxh7 22. Re5 Nf6 23. Rg5 Bf8 24. Qg6+ Kg8 25. Qxf6 Re8 26. Re1 Bd5 27.
Re3 Qxa4 28. Nxe6 Bxe6 29. h3 Qd1+ 30. Be1 Qd7 31. Rg6 Bf7 32. Rg4 Qxg4 33.
Qxf7+ Kxf7 0-1

[Event "DEM U12/U12w 2013"]
[Site "Oberhof GER"]
[Date "2013.05.19"]
[Round "1"]
[White "Cejda, Cecilia"]
[Black "Wiesner, Alexander"]
[Result "1/2-1/2"]
[Termination "normal"]
[Board "18"]
[WhiteElo "1335"]
[BlackElo "1658"]
[PlyCount "137"]
[WhiteFideId "12921122"]
[BlackFideId "12943991"]
[EventCountry "GER"]
[EventRounds "11"]
[EventType "swiss"]
[EventDate "2013.05.18"]

1. e4 c5 2. Nf3 Nc6 3. d4 cxd4 4. Nxd4 Nf6 5. Nc3 e5 6. Ndb5 d6 7. Bg5 a6 8.
Na3 b5 9. Nab1 Be7 10. Bd3 h6 11. Bh4 Be6 12. Nd2 d5 13. exd5 Nxd5 14. Bxe7
Ncxe7 15. Nxd5 Nxd5 16. O-O Nf4 17. Be4 Rc8 18. Nf3 Qc7 19. c3 f5 20. Bc2 Rd8
21. Qb1 Ne2+ 22. Kh1 e4 23. Ng1 Nf4 24. Rd1 O-O 25. Rxd8 Qxd8 26. Qe1 Qg5 27.
g3 Ng6 28. f4 Qe7 29. Bd1 Rd8 30. Be2 Bd5 31. b3 Qb7 32. Qf1 Ne7 33. Rb1 e3+
34. Nf3 Be4 35. Rd1 Rd2 36. Rxd2 exd2 37. Kg1 Qd7 38. Qd1 Bxf3 39. Bxf3 Qd3 40.
c4 bxc4 41. bxc4 Qc3 42. Qe2 Kf7 43. Kf1 Qa1+ 44. Qd1 Qxa2 45. Be2 Nc6 46. c5
Nd4 47. Bd3 Qb2 48. Bxa6 Qc1 49. Be2 Nb5 50. Kf2 Nc3 51. Qb3+ Kg6 52. Qe6+ Kh7
53. Qxf5+ Kg8 54. Bc4+ Kh8 55. Qf8+ Kh7 56. Bd3+ g6 57. Qf7+ Kh8 58. Qe8+ Kg7
59. Qxg6+ Kf8 60. Qxh6+ Kf7 61. Bc4+ Ke7 62. Qe6+ Kd8 63. Qf6+ Kd7 64. Qe6+ Kd8
65. Qf6+ Kc8 66. Be6+ Kc7 67. Qe7+ Kc6 68. Bd7+ Kd5 69. Be6+ 1/2-1/2

[Event "DEM U12/U12w 2013"]
[Site "Oberhof GER"]
[Date "2013.05.19"]
[Round "1"]
[White "Schnabel, Bennett"]
[Black "Rosenhain, Rachela"]
[Result "1-0"]
[Termination "normal"]
[Board "19"]
[WhiteElo "1708"]
[BlackElo "1335"]
[PlyCount "63"]
[WhiteFideId "12943290"]
[BlackFideId "12957615"]
[EventCountry "GER"]
[EventRounds "11"]
[EventType "swiss"]
[EventDate "2013.05.18"]

1. d4 c5 2. e3 d5 3. Nf3 Nf6 4. c4 e6 5. Nc3 Nc6 6. Be2 Be7 7. O-O O-O 8. b3 b6
9. Ba3 Bb7 10. Rc1 cxd4 11. Bxe7 Nxe7 12. Nxd4 dxc4 13. Bxc4 Ned5 14. Nxd5 Nxd5
15. Qg4 Kh8 16. Rfd1 Qe7 17. Nb5 Rfc8 18. h3 a6 19. Nd4 b5 20. Bxd5 Bxd5 21. e4
Bb7 22. Nf3 Rxc1 23. Rxc1 h6 24. Ne5 Qf6 25. Qg3 Bxe4 26. Rc7 Bg6 27. Rc6 Bh5
28. Qe3 g5 29. Qe4 Kg7 30. Rd6 Bg6 31. Nxg6 fxg6 32. Rd7+ 1-0

[Event "DEM U12/U12w 2013"]
[Site "Oberhof GER"]
[Date "2013.05.19"]
[Round "1"]
[White "Wurst, Maximilian"]
[Black "Reimann, Sebastian"]
[Result "0-1"]
[Termination "normal"]
[Board "20"]
[WhiteElo "1332"]
[BlackElo "1629"]
[PlyCount "77"]
[WhiteFideId "12971812"]
[BlackFideId "12928054"]
[EventCountry "GER"]
[EventRounds "11"]
[EventType "swiss"]
[EventDate "2013.05.18"]

1. e4 e5 2. Nf3 Nc6 3. Nc3 Nf6 4. Bc4 Bc5 5. d3 d6 6. Bg5 h6 7. Bh4 Be6 8. Bd5
Qd7 9. Bxf6 gxf6 10. Na4 O-O-O 11. c3 Bxd5 12. exd5 Ne7 13. b4 Bb6 14. c4 Bd4
15. Rc1 Rhg8 16. Kf1 Ng6 17. c5 dxc5 18. Nxd4 cxd4 19. Qc2 Kb8 20. Qb3 Nf4 21.
Rg1 Nxg2 22. Qc2 Nf4 23. Rg3 Rxg3 24. fxg3 Nxd5 25. Kg1 Ne3 26. Qb3 h5 27. Nc5
Qc6 28. Qb2 f5 29. b5 Qg6 30. Na6+ bxa6 31. bxa6+ Qb6 32. Qa1 Rd5 33. a4 Qxa6
34. Rb1+ Kc8 35. Qa3 Qd6 36. Qb3 Qb6 37. Qa2 Qc6 38. Qb3 Rb5 39. Qxb5 0-1

[Event "DEM U12/U12w 2013"]
[Site "Oberhof GER"]
[Date "2013.05.19"]
[Round "1"]
[White "Laubrock, Paul"]
[Black "Nguyen, Ha Thanh"]
[Result "1-0"]
[Termination "normal"]
[Board "21"]
[WhiteElo "1671"]
[BlackElo "1570"]
[PlyCount "119"]
[WhiteFideId "1270509"]
[BlackFideId "12942154"]
[EventCountry "GER"]
[EventRounds "11"]
[EventType "swiss"]
[EventDate "2013.05.18"]

1. e4 c5 2. Nf3 Nc6 3. d4 cxd4 4. Nxd4 g6 5. Nc3 Bg7 6. Be3 Nf6 7. Bc4 Qa5 8.
Nxc6 bxc6 9. Bd3 O-O 10. O-O Bb7 11. Qd2 Rad8 12. Rfd1 a6 13. h3 Qc7 14. Qe2
Qc8 15. Bb6 Rde8 16. Na4 d6 17. Be3 c5 18. Nc3 Qc6 19. f3 e6 20. Bc4 Rd8 21.
Bb3 d5 22. exd5 exd5 23. Bg5 Qe6 24. Qxe6 fxe6 25. Re1 Bc8 26. Rad1 Kf7 27. Ba4
Rd6 28. Kh1 Rb6 29. b3 Ne8 30. Ne2 h6 31. Bd8 Rd6 32. Ba5 g5 33. Ng3 Kg6 34.
Ne4 dxe4 35. Bxe8+ Rxe8 36. Rxd6 exf3 37. gxf3 Kf7 38. Bb6 Bf8 39. Rd3 Kg8 40.
Re5 Bb7 41. Bxc5 Bg7 42. Re2 Rc8 43. Bf2 a5 44. c4 Rf8 45. Kg2 Kh7 46. Rxe6 Rf7
47. Rde3 Bd4 48. Re7 Kg6 49. Rxf7 Kxf7 50. Rd3 Bxf2 51. Kxf2 Ke6 52. Ke3 Ke5
53. a3 Bc6 54. b4 axb4 55. axb4 Bb7 56. b5 h5 57. c5 h4 58. c6 Ba8 59. Rd8 Bxc6
60. bxc6 1-0

[Event "DEM U12/U12w 2013"]
[Site "Oberhof GER"]
[Date "2013.05.19"]
[Round "1"]
[White "Riegel, Arinna"]
[Black "Ewert, Hannes"]
[Result "1/2-1/2"]
[Termination "normal"]
[Board "22"]
[WhiteElo "1306"]
[BlackElo "1678"]
[PlyCount "109"]
[WhiteFideId "12931446"]
[BlackFideId "12961574"]
[EventCountry "GER"]
[EventRounds "11"]
[EventType "swiss"]
[EventDate "2013.05.18"]

1. e4 e6 2. d4 d5 3. exd5 exd5 4. Bd3 Bd6 5. h3 Nf6 6. Nf3 O-O 7. O-O Re8 8.
Bg5 h6 9. Be3 Ne4 10. c3 Nd7 11. Qc1 Ndf6 12. Bf4 Bf5 13. Bxd6 Qxd6 14. Qc2 Nh7
15. Nbd2 Nxd2 16. Qxd2 Be4 17. Bxe4 dxe4 18. Nh2 f5 19. Rfe1 Ng5 20. Re2 f4 21.
h4 f3 22. gxf3 Qxh2+ 23. Kxh2 Nxf3+ 24. Kg2 Nxd2 25. Rxd2 Re6 26. Re2 g5 27.
hxg5 hxg5 28. Kg3 Kg7 29. Rae1 Rae8 30. Re3 Kf6 31. Kg4 c6 32. Rf1 b5 33. Rh1
Ke7 34. Rh7+ Kd6 35. Rxa7 Rf6 36. Re2 Ref8 37. Rxe4 Rxf2 38. Rae7 Rxb2 39.
R4e6+ Kd5 40. Re5+ Kc4 41. Rc5+ Kd3 42. Rxc6 Rxa2 43. Rc5 Ra1 44. Rb7 Rg1+ 45.
Kh5 g4 46. Rbxb5 g3 47. Rb2 g2 48. Kg4 Rg8+ 49. Rg5 Rxg5+ 50. Kxg5 Kxc3 51. Rf2
Kxd4 52. Kg4 Ke3 53. Kg3 Rf1 54. Rxg2 Rf8 55. Ra2 1/2-1/2